|
|
|
|
| LEADER |
01230nam a22003494a 4500 |
| 001 |
31363 |
| 003 |
BD-DhAAL |
| 005 |
20161004164520.0 |
| 008 |
161004s2000 cauab b 001 0 eng |
| 010 |
|
|
|a 00025086
|
| 020 |
|
|
|a 0585375836 (electronic bk.)
|
| 020 |
|
|
|a 0833028154
|
| 020 |
|
|
|a 0833027670 (pbk.)
|
| 040 |
|
|
|a DLC
|c DLC
|d DLC
|d BD-DhAAL
|
| 050 |
0 |
0 |
|a UA835
|b .S82 2000
|
| 082 |
0 |
0 |
|a 355.033051
|2 21
|
| 999 |
|
|
|c 37826
|d 37826
|
| 999 |
|
|
|c 37826
|
| 100 |
1 |
|
|a Swaine, Michael D.
|9 20547
|
| 245 |
1 |
0 |
|a Interpreting China's grand strategy :
|b past, present, and future /
|c Michael D. Swaine, Ashley J. Tellis.
|
| 260 |
|
|
|a Santa Monica, CA :
|b Rand,
|c 2000.
|
| 300 |
|
|
|a xx, 283 p. :
|b ill., maps ;
|c 23 cm.
|
| 490 |
0 |
|
|a Project Air Force
|
| 500 |
|
|
|a "MR-1121-AF."
|
| 504 |
|
|
|a Includes bibliographical references (p. 243-272) and index.
|
| 526 |
|
|
|a BIGD
|
| 541 |
|
|
|e 31363
|
| 650 |
|
0 |
|a National security
|z China.
|9 20548
|
| 651 |
|
0 |
|a China
|x Military policy.
|9 20549
|
| 700 |
1 |
|
|a Tellis, Ashley J.
|9 20550
|
| 942 |
|
|
|2 ddc
|c BK
|
| 952 |
|
|
|0 0
|1 0
|2 ddc
|4 0
|6 355_033051000000000_SWA
|7 0
|9 59659
|a IGS
|b IGS
|c GEN
|d 2016-09-25
|e Trim Education
|g 3091.00
|l 0
|o 355.033051 SWA
|p 3010031363
|r 2016-10-01
|t 1
|v 3091.00
|w 2016-09-25
|y BK
|